000 00377nam a2200145Ia 4500
008 230917s9999||||xx |||||||||||||| ||und||
040 _e217297
_aMAIN
041 _aEnglish
082 _a352.054 P277P
100 _aPattanaik, S N
245 0 _aPanchayati raj: Training and development
260 _aNew Delhi
_bAsian Publishers
_c2013
300 _avi, 304 p.
942 _cBK
999 _c179611
_d179611